000 00703nam a2200241 a 4500
001 000047983
003 DO-SdBNP
005 20240306073901.0
007 ta
008 090928s2022 spa 00 0 spa d
020 _a9789945919318
040 _aDO-SdBNP
_bspa
_cBNPHU
082 _axxx
_bS232c
_222
100 1 _aSantana Páez, Bernardo
_983010
245 0 0 _aCrónica policial :
_bde raso a teniente general, si se puede /
_cBernardo Santana Páez
260 _aSanto Domingo :
_bBúho,,
_c2022.
300 _a86 p. :
_bil. ;
_c15 cm.
590 _aInventariado, 2022 / DG
650 4 _aPoesía dominicana
_923590
700 1 _aMármol, José,
_d1960-
_96454
910 _aDG
942 _2ddc
_cLBS1
999 _c53095
_d53095